Random Question Quiz #1 - Statistics

General Stats
  • This quiz has been taken 24 times
  • The average score is 10 of 14
Answer Stats
Hint Answer % Correct
How many days are in a year? 365
100%
How many seconds are in a minute? 60
95%
Which ocean is the biggest? Pacific
95%
What is the picture on the Canadian flag? Maple leaf
90%
Which planet is know as "the red planet"? Mars
90%
Which country is Siberia located? Russia
90%
Which organ in the human body digests food? Stomach
80%
What dwarf planet has less surface area than Russia? Pluto
75%
What is the second biggest country in the world? Canada
70%
What is the actual name of pencil lead? Graphite
65%
What is the biggest non-continental island? Greenland
65%
How many countries are in North America? 23
60%
What is a diamond made of? Carbon
60%
What is the name of the largest moon in the solar system? Ganymede
10%
No matching quizzes found
Score Distribution
Percent of People with Each Score
Percentile by Number Answered
Your Score History
You have not taken this quiz